[Event "VIE-ch U11"]
[Site "Hai Phong"]
[Date "2018.07.09"]
[Round "4"]
[White "Do, Hoang Chung Thong"]
[Black "Le, Phi Lan"]
[Result "0-1"]
[WhiteElo "1886"]
[BlackElo "1878"]
[PlyCount "73"]
[EventDate "2018.07.07"]
[EventType "swiss"]
[EventRounds "9"]
[EventCountry "VIE"]
[SourceTitle "EXT 2019"]
[Source "ChessBase"]
[SourceDate "2018.10.10"]
[SourceVersion "1"]
[SourceVersionDate "2018.10.10"]
[SourceQuality "1"]

1. d4 Nf6 2. Nf3 e6 3. e3 d5 4. Bd3 Bd6 5. Nbd2 Nbd7 6. 0-0 0-0 7. b3 b6 8. Bb2 Bb7 9. Qe2 Qe7 10. Rac1 Rac8 11. c4 Rfd8 12. Bb1 c5 13. Qd3 Ne4 14. Rfd1 Ndf6 15. Qe2 Bb8 16. Ne5 Nxd2 17. Rxd2 Ne4 18. Rdd1 f6 19. Nf3 Qc7 20. g3 dxc4 21. bxc4 Qc6 22. d5 exd5 23. cxd5 Rxd5 24. Qc4 Nd6 25. Qxd5+ Qxd5 26. Rxd5 Bxd5 27. Ne1 c4 28. Nc2 c3 29. Nb4 cxb2 30. Rxc8+ Nxc8 31. Nxd5 Nd6 32. Kf1 Nc4 33. Ke2 Na3 34. Nc3 Be5 35. Kd3 Bxc3 36. Kxc3 Nxb1+ 37. Kxb2 0-1

[Event "VIE-ch U07"]
[Site "Ho Chi Minh City"]
[Date "2014.07.18"]
[Round "9"]
[White "Bui, Nguyen Long"]
[Black "Do, Hoang Chung Thong"]
[Result "1-0"]
[WhiteElo "1387"]
[BlackElo "1368"]
[PlyCount "53"]
[EventDate "2014.07.13"]
[EventType "swiss"]
[EventRounds "9"]
[EventCountry "VIE"]
[SourceTitle "EXT 2016"]
[Source "ChessBase"]
[SourceDate "2015.10.08"]
[SourceVersion "1"]
[SourceVersionDate "2015.10.08"]
[SourceQuality "1"]

1. d4 Nf6 2. Nc3 d5 3. Nf3 Nc6 4. e3 e6 5. Bb5 Bd7 6. 0-0 a6 7. Bxc6 Bxc6 8. Ne5 Bd6 9. Nxc6 bxc6 10. Qe2 0-0 11. e4 Re8 12. e5 Be7 13. exf6 Bxf6 14. Be3 e5 15. Qg4 exd4 16. Bxd4 Qc8 17. Qxc8 Raxc8 18. Bxf6 gxf6 19. Rfe1 Rf8 20. Na4 Kh8 21. Nc5 a5 22. Nd7 Rg8 23. Nxf6 Rgf8 24. a3 Kg7 25. Nh5+ Kh8 26. b4 axb4 27. axb4 1-0

[Event "VIE-ch U07"]
[Site "Ho Chi Minh City"]
[Date "2014.07.14"]
[Round "3"]
[White "Truong, Phu Dang Khoa"]
[Black "Do, Hoang Chung Thong"]
[Result "1/2-1/2"]
[WhiteElo "1393"]
[BlackElo "1368"]
[PlyCount "23"]
[EventDate "2014.07.13"]
[EventType "swiss"]
[EventRounds "9"]
[EventCountry "VIE"]
[SourceTitle "EXT 2016"]
[Source "ChessBase"]
[SourceDate "2015.10.08"]
[SourceVersion "1"]
[SourceVersionDate "2015.10.08"]
[SourceQuality "1"]

1. d4 Nf6 2. Nf3 g6 3. Bf4 Bg7 4. e3 Nc6 5. Nc3 e6 6. Bc4 d5 7. Bb3 Bd7 8. 0-0 Qe7 9. Nb5 0-0 10. Nxc7 Rac8 11. Nb5 e5 12. dxe5 1/2-1/2